[Event "XVIII Open"]
[Site "Andorra AND"]
[Date "2000.06.28"]
[Round "5"]
[White "Ramesh,R"]
[Black "Kuzmin,A"]
[Result "0-1"]
[WhiteElo "2443"]
[BlackElo "2587"]

1.e4 e5 2.Nf3 Nc6 3.Bb5 a6 4.Ba4 Nf6 5.O-O b5 6.Bb3 Bb7 7.d3 Bc5 8.Nc3 d6
9.a4 b4 10.Nd5 h6 11.a5 O-O 12.Nxf6+ Qxf6 13.Be3 Rab8 14.Bc4 Bxe3 15.fxe3 Ne7
16.Qe1 d5 17.exd5 Bxd5 18.Bxd5 Nxd5 19.e4 Ne7 20.b3 Qe6 21.Qg3 Rb5 22.d4 Ng6
23.dxe5 Rxa5 24.Rxa5 Qb6+ 25.Kh1 Qxa5 26.e6 Kh7 27.exf7 Rxf7 28.Qf2 Re7 29.Re1 Qb6
30.Qxb6 cxb6 31.g3 Ne5 32.Kg2 a5 33.Nxe5 Rxe5 34.Kf2 Rc5 35.Re2 b5 36.Ke1 a4
37.bxa4 bxa4 38.Kd2 a3 39.Re1 Kg6 40.Rb1 Ra5 41.Ra1 Rh5 42.h4 Rc5 43.Rb1 Rc4
44.Kd3 Rc3+ 45.Kd2 a2 46.Ra1 Ra3 47.g4 Kf6 48.Kc1 Ke5 49.g5 hxg5 50.hxg5 Kxe4
51.Kb2 Kf5 52.Rxa2 Rxa2+ 53.Kxa2 Kxg5 54.Kb3 Kf4 55.Kxb4 g5 56.c4 g4 57.c5 Ke5
58.Kb5 g3  0-1

[Event "XVIII Open"]
[Site "Andorra AND"]
[Date "2000.07.01"]
[Round "8"]
[White "Mateo,Ra"]
[Black "Kuzmin,A"]
[Result "0-1"]
[WhiteElo "2408"]
[BlackElo "2587"]

1.e4 e5 2.Nf3 Nc6 3.Bb5 a6 4.Ba4 Nf6 5.O-O b5 6.Bb3 Bb7 7.Re1 Bc5 8.c3 d6
9.d4 Bb6 10.a4 h6 11.axb5 axb5 12.Rxa8 Qxa8 13.Na3 exd4 14.Nxb5 O-O 15.cxd4 Na5
16.d5 Nxb3 17.Qxb3 Nxe4 18.Rxe4 Bxd5 19.Rc4 Re8 20.Qc3 Bxc4 21.Qxc4 d5 22.Qf1 Qa4
23.h3 Qc2 24.Nbd4 Qe4 25.Qb5 Ra8 26.Be3 Bxd4 27.Nxd4 Ra1+ 28.Kh2 Qe5+ 29.g3 Qe4
30.g4 Rh1+ 31.Kg3 Rg1+ 32.Kh4 Qe7+  0-1

[Event "GM"]
[Site "Dortmund GER"]
[Date "2000.07.13"]
[Round "6"]
[White "Wegener,O"]
[Black "Mikhalchishin,A"]
[Result "1/2-1/2"]
[WhiteElo "2359"]
[BlackElo "2552"]

1.e4 e5 2.Nf3 Nc6 3.Bb5 a6 4.Ba4 Nf6 5.O-O b5 6.Bb3 Bb7 7.d3 Bd6 8.a3 O-O
9.Nc3 h6 10.Nd5 Nxd5  1/2-1/2

[Event "Aegean Open"]
[Site "Agios Kyrikos GRE"]
[Date "2000.07.20"]
[Round "6"]
[White "Gesos,P"]
[Black "Potapov,A"]
[Result "0-1"]
[WhiteElo "2364"]
[BlackElo "2483"]

1.e4 e5 2.Nf3 Nc6 3.Bb5 a6 4.Ba4 Nf6 5.O-O b5 6.Bb3 Bb7 7.d3 Bd6 8.c3 O-O
9.Nbd2 h6 10.d4 Re8 11.Bc2 Bf8 12.d5 Nb8 13.Qe2 d6 14.Rd1 c5 15.a4 Qb6 16.Nf1 Nbd7
17.b3 g6 18.h3 Bg7 19.Ng3 Rf8 20.Bd3 c4 21.bxc4 bxa4 22.Be3 Qc7 23.Rdb1 Rfb8
24.Rxa4 Nc5 25.Bxc5 dxc5 26.Ra3 Bc8 27.Rab3 Rxb3 28.Rxb3 Rb8 29.Qb2 Rxb3
30.Qxb3 Ne8 31.Nd2 Nd6 32.Qa3 a5 33.Bc2 Ba6 34.Qa4 Bf6 35.Nb3 Bd8 36.Bd3 Bc8
37.Nf1 Bd7 38.Qa3 Nb7 39.Bc2 a4 40.Nc1 Nd6 41.f3 Nxc4 42.Qa2 Nb6 43.c4 Qa7
44.Nd3 Bc7 45.Ne3 Bd6 46.Kf2 Qa5 47.Ke2 Qc3 48.Bd1 Be7 49.g3 f5 50.f4 exf4
51.gxf4 fxe4 52.Ne5 Bf6 53.Qb1 Bxe5 54.fxe5 Nxc4 55.Qxe4 Nxe5 56.Ng4 Bb5+
57.Kf2 Nxg4+  0-1

[Event "Aegean Open"]
[Site "Agios Kyrikos GRE"]
[Date "2000.07.22"]
[Round "8"]
[White "Psomiadis,S"]
[Black "Potapov,A"]
[Result "0-1"]
[WhiteElo "2200"]
[BlackElo "2483"]

1.e4 e5 2.Nf3 Nc6 3.Bb5 a6 4.Ba4 Nf6 5.O-O b5 6.Bb3 Bb7 7.d3 Be7 8.Re1 O-O
9.c3 d6 10.a3 Bc8 11.h3 Be6 12.Nbd2 Qd7 13.Nf1 Rfe8 14.Ng3 h6 15.Bc2 d5 16.Be3 Rad8
17.Qc1 Bf8 18.Kh2 Qc8 19.Nh4 dxe4 20.dxe4 Na5 21.Nhf5 Kh7 22.f3 Nb3 23.Bxb3 Bxb3
24.Bg1 Rd3 25.Ne3 Qe6 26.Re2 Red8 27.Qe1 g6 28.Nc2 h5 29.Be3 Be7 30.Nf1 Kg7
31.Nb4 Rd1 32.Rxd1 Rxd1 33.Qf2 a5 34.Nc2 Rb1 35.Ne1 Bc4 36.Rd2 h4 37.Ba7 Nh5
38.Ne3 Bg5 39.Nxc4 Qxc4 40.Be3 Bxe3 41.Qxe3 Qf1  0-1

[Event "Politiken Cup"]
[Site "Copenhagen DEN"]
[Date "2000.07.28"]
[Round "11"]
[White "McShane,L"]
[Black "Hector,J"]
[Result "0-1"]
[WhiteElo "2480"]
[BlackElo "2509"]

1.e4 e5 2.Nf3 Nc6 3.Bb5 a6 4.Ba4 Nf6 5.O-O b5 6.Bb3 Bb7 7.Re1 Bc5 8.c3 d6
9.d4 Bb6 10.Be3 O-O 11.Nbd2 h6 12.d5 Ne7 13.Bxb6 cxb6 14.Nh4 Bc8 15.Nf1 Ng6
16.Nxg6 fxg6 17.Qd2 Ra7 18.Rac1 Raf7 19.c4 b4 20.Qxb4 Nh5 21.Rc2 Nf4 22.Qc3 h5
23.Kh1 h4 24.Ne3 Qg5 25.Rg1 Nh5 26.Qe1 Rxf2 27.Rxf2 Rxf2 28.g4 Qf4 29.Rg2 Rf3
30.gxh5 Rxe3 31.Qd2 h3 32.Rf2 Qxe4+ 33.Kg1 Re1+ 34.Rf1 Re2  0-1

[Event "4th Open"]
[Site "Korinthos GRE"]
[Date "2000.07.28"]
[Round "4"]
[White "Van den Doel,E"]
[Black "Potapov,A"]
[Result "1-0"]
[WhiteElo "2547"]
[BlackElo "2483"]

1.e4 e5 2.Nf3 Nc6 3.Bb5 a6 4.Ba4 Nf6 5.O-O b5 6.Bb3 Bb7 7.c3 Nxe4 8.d4 Na5
9.Nxe5 Nxb3 10.Qxb3 Nd6 11.a4 Be7 12.Na3 f6 13.Nd3 Be4 14.Nf4 c6 15.Re1 g5
16.Qd1 O-O 17.Nd3 Bg6 18.Nc5 Re8 19.Bd2 Qc7 20.axb5 cxb5 21.Qg4 Nf5 22.Nc2 a5
23.Ne3 Bxc5 24.Nxf5 Bf8 25.h4 h5 26.Qf3 g4 27.Qd5+ Bf7 28.Qxb5 Reb8 29.Qd3 Rxb2
30.Bh6 Re8 31.Rxe8 Bxe8 32.Qe3 Qb8 33.Re1 Bf7 34.Bxf8 Qxf8 35.d5 Kh7 36.Qf4 a4
37.Qxa4 Qb8 38.Qxd7 Kg6 39.Nd6 Qf8 40.c4 g3 41.fxg3  1-0

[Event "Proclient Cup"]
[Site "Olomouc CZE"]
[Date "2000.08.05"]
[Round "6"]
[White "Balenovic,Z"]
[Black "Talla,V"]
[Result "0-1"]
[WhiteElo "2213"]
[BlackElo "2401"]

1.e4 e5 2.Nf3 Nc6 3.Bb5 a6 4.Ba4 Nf6 5.O-O b5 6.Bb3 Bb7 7.Re1 Bc5 8.c3 d6
9.d4 Bb6 10.Bg5 h6 11.Bh4 Qe7 12.a4 g5 13.axb5 axb5 14.Rxa8+ Bxa8 15.Bg3 h5
16.h4 g4 17.dxe5 dxe5 18.Nfd2 Na5 19.Bc2 Nb7 20.Na3 Nd6 21.Qe2 c6 22.Nf1 O-O
23.Qd2 Nfe8 24.Qh6 Ng7 25.Kh2 Bb7 26.f4 gxf3 27.gxf3 Bc8 28.f4 exf4 29.Qxf4 Qe6
30.Ne3 Qh3+ 31.Kg1 Nde8 32.Bd3 Nf6 33.Bf1 Qe6 34.Bg2 Ng4 35.Nc2 Qb3 36.Nd4 Qxb2
37.Nxg4 Bxg4 38.Kh2 Qxc3 39.Nf5 Nxf5 40.exf5 Qf6 41.Bh3 Bxh3 42.Kxh3 Bd4
43.Qf3 b4 44.Qxh5 Ra8 45.Re4 c5 46.Qf3 Rd8 47.Qh5 b3 48.Rg4+ Kf8 49.Bf4 b2
50.Bh6+ Ke8 51.Re4+ Kd7 52.Re1 Re8 53.Rf1 Rh8 54.Qf3 Rxh6 55.Qb7+ Kd6 56.Qb6+ Kd5
57.Qb7+ Kc4 58.Qe4 Qxh4+ 59.Qxh4 Rxh4+ 60.Kxh4 Kb3  0-1

[Event "Lost Boys Open"]
[Site "Amsterdam NED"]
[Date "2000.08.13"]
[Round "3"]
[White "Solleveld,M"]
[Black "Van der Wiel,J"]
[Result "1-0"]
[WhiteElo "2426"]
[BlackElo "2531"]

1.e4 e5 2.Nf3 Nc6 3.Bb5 a6 4.Ba4 Nf6 5.O-O b5 6.Bb3 Bb7 7.Re1 Bc5 8.c3 d6
9.d4 Bb6 10.Bg5 h6 11.Bh4 Qe7 12.a4 g5 13.Bg3 h5 14.axb5 axb5 15.Rxa8+ Bxa8
16.dxe5 dxe5 17.h4 g4 18.Nfd2 Na5 19.Na3 O-O 20.Bc2 Rd8 21.Qc1 Nh7 22.b4 Nb7
23.Nb3 Qe8 24.c4 bxc4 25.Nxc4 Nd6 26.Nxe5 f6 27.Nd3 Nxe4 28.Ndc5 f5 29.Nxe4 fxe4
30.Nc5 Qf7 31.Nxe4 Re8 32.Ng5 Rxe1+ 33.Qxe1 Nxg5 34.hxg5 Bc6 35.Qc3 Bd5 36.Qe5 Qe6
37.Qxe6+ Bxe6 38.Bg6 Bf7 39.Be4 Bc4 40.g6 Bd4 41.Bxc7 Kg7 42.g3 Bb5 43.Bd6 Be8
44.Bc5 Be5 45.Kf1 Bxg6 46.Bxg6 Kxg6 47.b5 Kf5 48.b6 Ke6 49.Be3  1-0

[Event "It"]
[Site "Miercurea Ciuc ROM"]
[Date "2000.08.21"]
[Round "3"]
[White "Feher,G"]
[Black "Tikhomirov,S"]
[Result "1/2-1/2"]
[WhiteElo "2400"]
[BlackElo "2238"]

1.e4 e5 2.Nf3 Nc6 3.Bb5 a6 4.Ba4 Nf6 5.O-O b5 6.Bb3 Bb7 7.d3 Be7 8.a4 O-O
9.c3 d6 10.Na3 Qd7 11.Bd2 Nd8 12.axb5 axb5 13.Qe2 c5 14.Bc2 Re8 15.b4 cxb4
16.cxb4 Bf8 17.Bg5 d5 18.Bxf6 gxf6 19.Rfb1 Ne6 20.g3 Ng7 21.Nh4 f5 22.Nxf5 Nxf5
23.exf5 d4 24.Bd1 e4 25.Qg4+ Kh8 26.Nc2 Rad8 27.Ne1 exd3 28.Bf3 d2 29.Nd3 Bd5
30.Rd1 Bh6 31.Bxd5 Qxd5 32.Qh4 Qxf5 33.Qxh6 Qxd3 34.Rxd2 Qf3 35.Rad1 Rd5
36.Rd3 Qf5 37.Qd2 Re4 38.Kg2 Qe5 39.Qh6 Kg8 40.Rf3 Re2 41.Rdd3 Rd6 42.Qf4 f6
43.Qg4+ Kf7 44.Rf5 Qe4+ 45.Qxe4 Rxe4 46.Rxb5 Ke6 47.Rc5 Re2 48.Kf3 Rb2 49.b5 Rd5
50.Rc6+ Kf7 51.b6 Rf5+ 52.Ke4 Rfxf2 53.Kxd4 Rb5 54.Kc4 Rfb2 55.Rdd6 R2b4+
56.Kd3 Rf5 57.Kc3 Rb1 58.Kc2 Rb4 59.Rd3 Rf2+ 60.Rd2 Rf3 61.Rd3 Rf2+ 62.Kc3 Rfb2
63.Rdd6 R2b3+ 64.Kd2 Rf3 65.Ke2 Rf5 66.Rc3 Rfb5 67.Rcc6 Rf5 68.Rc3 Rfb5  1/2-1/2

[Event "4th OIBM"]
[Site "Bad Wiessee GER"]
[Date "2000.10.29"]
[Round "2"]
[White "Lobron,E"]
[Black "Babar,M"]
[Result "1-0"]
[WhiteElo "2530"]
[BlackElo "2175"]

1.e4 e5 2.Nf3 Nc6 3.Bb5 a6 4.Ba4 Nf6 5.O-O b5 6.Bb3 Bb7 7.Re1 Bc5 8.c3 d6
9.d4 Bb6 10.Be3 O-O 11.Nbd2 h6 12.h3 Re8 13.d5 Ne7 14.Bxb6 cxb6 15.Bc2 Rf8
16.Nf1 Nh7 17.Ne3 Bc8 18.a4 bxa4 19.Rxa4 b5 20.Ra3 Bd7 21.b4 Qc8 22.Nd2 Ng6
23.Nf5 Bxf5 24.exf5 Ne7 25.c4 Nf6 26.Ne4 Nxe4 27.Rxe4 Nxf5 28.Rg4 g6 29.c5 dxc5
30.Bxf5 Qxf5 31.bxc5 e4 32.Qd4 Rfe8 33.d6 Rac8 34.d7  1-0

[Event "Chigorin Mem"]
[Site "St Petersburg RUS"]
[Date "2000.11.04"]
[Round "4"]
[White "Kurnosov,I"]
[Black "Potapov,A"]
[Result "1/2-1/2"]
[WhiteElo "2374"]
[BlackElo "2483"]

1.e4 e5 2.Nf3 Nc6 3.Bb5 a6 4.Ba4 Nf6 5.O-O b5 6.Bb3 Bb7 7.d4 Nxd4 8.Bxf7+ Kxf7
9.Nxe5+ Kg8 10.Qxd4 Qe8 11.Bf4 d6 12.Nf3 c5 13.Qc3 Nxe4 14.Qd3 Qf7 15.Bg3 h5
16.Re1 Re8 17.Nc3 d5 18.Nxe4 dxe4 19.Qe3 h4 20.Ng5 Qf5 21.Bc7 Rh5 22.Nh3 c4
23.Bb6 Bd6 24.Rad1 Bb8 25.Ba7 Be5 26.Bd4 Bxd4 27.Rxd4 Rf8 28.Red1 Qf6 29.c3 Rh6
30.Qg5 Rg6 31.Qxf6 Rfxf6 32.Rd7 Bc6 33.Rd8+ Kh7 34.R1d2 Rg4 35.Re2 Rf3 36.Re3 Rf6
37.g3 Rgg6 38.Kf1 hxg3 39.hxg3 Rf5 40.Ke1 Rh6 41.g4 Rc5 42.g5 Rh4 43.Rg3 Kg6
44.Rd6+ Kf7 45.Kd2 Ke7 46.Rd4 Bd7 47.Ng1 Rf5 48.Ke3 Bc6 49.Nh3 Rh8 50.Rd2 Rh5
51.Rd1 Rf3+ 52.Rxf3 exf3 53.Ng1 Rh1 54.Kf4 g6 55.a3 Ke6 56.Re1+ Kd6 57.Rd1+ Bd5
58.Re1 Rh2 59.Rf1 Rh8 60.Rd1 Rh4+ 61.Kg3 Rh1 62.Kf4 a5 63.Re1 Rh8 64.Kg4 Rh2
65.Rf1 Be4 66.Rd1+ Kc5 67.Rd2 Rg2+ 68.Kf4 Rxg1 69.Kxe4 Rxg5 70.Kxf3 Rg1 71.Re2 Rb1
72.Kf4 b4 73.Re5+ Kb6 74.axb4 axb4 75.cxb4 Rxb2 76.Ke3 Rxb4 77.Kd4 Kc6 78.Rc5+ Kd6  1/2-1/2

[Event "34th Olympiad"]
[Site "Istanbul TUR"]
[Date "2000.11.09"]
[Round "12"]
[White "Peng Xiaomin"]
[Black "Hector,J"]
[Result "0-1"]
[WhiteElo "2657"]
[BlackElo "2509"]

1.e4 e5 2.Nf3 Nc6 3.Bb5 a6 4.Ba4 Nf6 5.O-O b5 6.Bb3 Bb7 7.d3 Bc5 8.a4 d6
9.Nc3 b4 10.Ne2 O-O 11.Ng3 Bc8 12.Bg5 Na5 13.Bd5 c6 14.Ba2 h6 15.Bh4 Bg4
16.Nf5 Bxf5 17.exf5 b3 18.Bxb3 Nxb3 19.cxb3 Rb8 20.Nd2 Bd4 21.Rc1 c5 22.Ne4 d5
23.Bxf6 gxf6 24.Nd2 Qd6 25.Rc2 Kh7 26.Qh5 Qd7 27.Rfc1 Rg8 28.Nf3 Rxb3 29.Nxd4 exd4
30.Rxc5 Rg5 31.Qe2 Qxf5 32.Rc7 Rg7 33.Rc8 Rxd3 34.Qe8 Qg4 35.Qh8+ Kg6 36.g3 Kh5
37.Rd8 Rg5 38.Qf8 Qf3 39.Qxf7+ Kg4 40.Qe6+ Rf5 41.Qe1 Re5 42.Qf1 Rd2 43.Rg8+ Rg5
44.Re8 Re5 45.Rg8+ Kf5 46.Qh3+ Ke4 47.Rg4+ Kd3 48.Rf4 Rd1+ 49.Rxd1+ Qxd1+
50.Kg2 h5 51.Qc8 Ke2 52.Qxa6+ d3 53.h4 Re4 54.Rxf6 Qxa4 55.Qxa4 Rxa4 56.Rf5 d2  0-1

[Event "2nd Viking GMA"]
[Site "York ENG"]
[Date "2000.12.17"]
[Round "5"]
[White "Rowson,J"]
[Black "Hector,J"]
[Result "1-0"]
[WhiteElo "2494"]
[BlackElo "2509"]

1.e4 e5 2.Nf3 Nc6 3.Bb5 a6 4.Ba4 Nf6 5.O-O b5 6.Bb3 Bb7 7.Re1 Bc5 8.c3 d6
9.d4 Bb6 10.Be3 O-O 11.Nbd2 h6 12.h3 Re8 13.Qb1 Nb8 14.Bc2 Nbd7 15.b3 d5
16.dxe5 Bxe3 17.Rxe3 Nxe5 18.Nxe5 Rxe5 19.Nf3 Re8 20.e5 Ne4 21.Qe1 Ng5 22.Rd1 Nxf3+
23.Rxf3 Qe7 24.Rg3 c5 25.Qd2 Kf8 26.Re1 Rad8 27.Qd3 g6 28.Qd2 Kg7 29.f4 Qc7
30.h4 h5 31.Rg5 Kf8 32.e6 Rxe6 33.Rxe6 fxe6 34.Rxg6 Rd7 35.f5 Rg7 36.Qh6 Kg8
37.f6 Rxg6 38.Bxg6  1-0

[Event "Corus Reserve Gp"]
[Site "Wijk aan Zee NED"]
[Date "2001.01.20"]
[Round "4"]
[White "Brodsky,M"]
[Black "Peelen,P"]
[Result "1-0"]
[WhiteElo "2527"]
[BlackElo "2353"]


1.e4 e5 2.Nf3 Nc6 3.Bb5 a6 4.Ba4 Nf6 5.O-O b5 6.Bb3 Bb7 7.d3 Be7 8.Re1 O-O
9.Nbd2 d6 10.c3 Na5 11.Bc2 c5 12.Nf1 Re8 13.h3 h6 14.Ne3 Bf8 15.Ng4 d5 16.Nfh2 dxe4
17.dxe4 Nxg4 18.Qxg4 Re6 19.Qh5 g6 20.Qe2 Qe7 21.Ng4 h5 22.Nh2 Nc6 23.Nf3 Bg7
24.Bg5 Bf6 25.Be3 Rd8 26.h4 Rd7 27.Ng5 Bxg5 28.Bxg5 f6 29.Be3 c4 30.Rad1 Rxd1
31.Rxd1 Rd6 32.Rf1 Qe6 33.Bc5 Rd7 34.b3 Kg7 35.bxc4 Qxc4 36.Qxc4 bxc4 37.Rb1 Nd8
38.Be3 Bc6 39.Rb4 Rb7 40.Rxc4 Rb2 41.Bb3 a5 42.Bb6 a4 43.Bxd8 axb3 44.axb3 Rb1+
45.Kh2 Bd7 46.Rc7 Rd1 47.b4 Kf7 48.b5 Rd6 49.b6  1-0

[Event "6th HIT Open"]
[Site "Nova Gorica SLO"]
[Date "2001.01.30"]
[Round "6"]
[White "Bednarich,J"]
[Black "Olarasu,G"]
[Result "1-0"]
[WhiteElo "2231"]
[BlackElo "2347"]

1.e4 e5 2.Nf3 Nc6 3.Bb5 a6 4.Ba4 Nf6 5.O-O b5 6.Bb3 Bb7 7.d3 Bd6 8.c4 bxc4
9.Bxc4 O-O 10.a3 h6 11.Nc3 Na5 12.Ba2 c5 13.Nh4 Re8 14.Nf5 Bf8 15.Qf3 Qb6
16.b4 cxb4 17.axb4 Bxb4 18.Na4 Qc6 19.Bxh6 Bf8 20.Rfc1 Qb5 21.Bxg7 Bxg7 22.Qg3 Nh5
23.Qg6 d5 24.Qxh5 Qd7 25.Nc5 Qd8 26.Nxb7 Nxb7 27.Bxd5  1-0

[Event "It"]
[Site "Montecatini Terme ITA"]
[Date "2001.02.12"]
[Round "10"]
[White "Mrdja,M"]
[Black "Tomescu,V"]
[Result "0-1"]
[WhiteElo "2435"]
[BlackElo "2417"]

1.e4 e5 2.Nf3 Nc6 3.Bb5 a6 4.Ba4 Nf6 5.O-O b5 6.Bb3 Bb7 7.Re1 Bc5 8.c3 d6
9.d4 Bb6 10.Be3 O-O 11.Nbd2 h6 12.h3 Re8 13.d5 Ne7 14.Bxb6 cxb6 15.a4 bxa4
16.Rxa4 Nd7 17.Ra3 Qc7 18.Bc2 a5 19.c4 Nc5 20.Nh2 Ng6 21.Rg3 Bc8 22.Qh5 Qe7
23.Ndf3 Qf6 24.Ng4 Bxg4 25.Qxg4 Qf4 26.Qh5 Reb8 27.Re3 b5 28.Nd2 b4 29.b3 Rb7
30.Qd1 Qf6 31.Ref3 Qd8 32.Rf5 Rba7 33.Qg4 Qh4 34.Qf3 Qe7 35.Qd1 a4 36.bxa4 Nxa4
37.Bxa4 Rxa4 38.Nb3 Rc8 39.c5 dxc5 40.d6 Qd7 41.Qd5 Qe6 42.d7 Rd8 43.Nxc5 Qxd5
44.exd5 Ra5  0-1

[Event "17th Spring Festival"]
[Site "Budapest HUN"]
[Date "2001.03.21"]
[Round "6"]
[White "Gara,A"]
[Black "Letay,G"]
[Result "1-0"]
[WhiteElo "2344"]
[BlackElo "2191"]

1.e4 e5 2.Nf3 Nc6 3.Bb5 a6 4.Ba4 Nf6 5.O-O b5 6.Bb3 Bb7 7.c3 h6 8.Re1 d6
9.d4 Qe7 10.a4 Na5 11.Bc2 c5 12.d5 g6 13.Qe2 c4 14.Na3 Bg7 15.axb5 axb5 16.Nxb5 O-O
17.Be3 Qd8 18.Ra3 Ba6 19.Na7 Bb7 20.Nd2 h5 21.Rea1 Nb3 22.Nxb3 cxb3 23.Rxb3 Bc8
24.Rba3 Ng4 25.Bd2 Bd7 26.h3 Nh6 27.Ra6 Qe7 28.Nc6 Bxc6 29.dxc6 Rxa6 30.Qxa6 f5
31.Qb7 Qf6 32.Ra8  1-0

[Event "Wotulo Mem"]
[Site "Jakarta INA"]
[Date "2001.03.24"]
[Round "2"]
[White "Liu Dede"]
[Black "Zaw Win Lay"]
[Result "0-1"]
[WhiteElo "2378"]
[BlackElo "2537"]

1.e4 e5 2.Nf3 Nc6 3.Bb5 a6 4.Ba4 Nf6 5.O-O b5 6.Bb3 Bb7 7.Re1 Bc5 8.c3 d6
9.d4 Bb6 10.Be3 O-O 11.d5 Ne7 12.Bxb6 cxb6 13.Nbd2 g6 14.Nf1 Kg7 15.Qd2 Bc8
16.Bc2 h6 17.Ne3 Ng4 18.a4 Nxe3 19.fxe3 bxa4 20.Rxa4 Bd7 21.Raa1 a5 22.Rf1 f6
23.Qd3 Qc7 24.Ba4 Bxa4 25.Rxa4 Rac8 26.Nd2 f5 27.exf5 gxf5 28.Rh4 Qc5 29.Rd1 Ng6
30.Rc4 Nf4 31.Rxc5 Nxd3 32.Rb5 e4 33.Rb1 f4 34.Kf1 fxe3+ 35.Ke2 exd2 36.Kxd2 Ne5
37.Re1 Rf2+ 38.Ke3 Ng4+  0-1

[Event "Belgian Interteams 2000-1"]
[Site "BEL"]
[Date "2001.03.25"]
[Round "11"]
[White "Meessen,R"]
[Black "Henris,L"]
[Result "1/2-1/2"]
[WhiteElo "2313"]
[BlackElo "2262"]

1.e4 e5 2.Nf3 Nc6 3.Bb5 a6 4.Ba4 Nf6 5.O-O b5 6.Bb3 Bb7 7.Re1 Bc5 8.c3 d6
9.d4 Bb6 10.a4 Qe7 11.axb5 axb5 12.Rxa8+ Bxa8 13.Na3 Na5  1/2-1/2

[Event "Solett Open"]
[Site "Skelleftea SWE"]
[Date "2001.04.12"]
[Round "4"]
[White "Sax,G"]
[Black "Hector,J"]
[Result "1-0"]
[WhiteElo "2563"]
[BlackElo "2546"]

1.e4 e5 2.Nf3 Nc6 3.Bb5 a6 4.Ba4 Nf6 5.O-O b5 6.Bb3 Bb7 7.c3 Nxe4 8.d4 Na5
9.Bc2 exd4 10.Bxe4 Bxe4 11.Re1 d5 12.b4 dxc3 13.bxa5 Bb4 14.Qd4 Qd6 15.Bf4 Qxf4
16.Qxb4 c2 17.Nbd2 O-O-O 18.Rac1 Qd6 19.Qxd6 Rxd6 20.Nxe4 dxe4 21.Ng5 Rd5
22.Nxe4 Re8 23.Nd6+ Rxd6 24.Rxe8+ Kd7 25.Rce1 Rd2 26.g4 c5 27.Kg2 c4 28.Kf3 Kc6
29.R8e2 Rd3+ 30.Ke4 Kc5 31.Rxc2 Ra3 32.Rd2 Kb4 33.Rd7 Rh3 34.f4 Rh4 35.Kf5 h5
36.g5 g6+ 37.Ke4 Rg4 38.Rxf7 h4 39.Rf6 h3 40.Rxg6 Rg2 41.Rc1 Kxa5 42.Rh6 Rxh2
43.g6  1-0

[Event "Zone 3.2b (Oceana)"]
[Site "Gold Coast AUS"]
[Date "2001.04.22"]
[Round "1"]
[White "Zhao Zong Yuan"]
[Black "Stead,K"]
[Result "1-0"]
[WhiteElo "2390"]
[BlackElo "2135"]

1.e4 e5 2.Nf3 Nc6 3.Bb5 a6 4.Ba4 Nf6 5.O-O b5 6.Bb3 Bb7 7.d4 Nxd4 8.Nxd4 exd4
9.e5 Ne4 10.Re1 Nc5 11.Qxd4 Nxb3 12.axb3 Be7 13.Qg4 g6 14.Bh6 Bf8 15.Bg5 Be7
16.Bh6 Bf8 17.Bxf8 Rxf8 18.c4 b4 19.c5 a5 20.Nd2 h5 21.Qf4 Bd5 22.Qd4 c6
23.Nc4 Bxc4 24.Qxc4 Qc8 25.Rad1 Ra7 26.Rd6 g5 27.h4 g4 28.Qf4 Qd8 29.Rf6 Qb8
30.Qf5 Qb5 31.e6 dxe6 32.Rexe6+ Re7 33.Rxe7+ Kxe7 34.Rd6 Re8 35.Rd7+  1-0

[Event "Zone 3.2b (Oceana)"]
[Site "Gold Coast AUS"]
[Date "2001.04.24"]
[Round "5"]
[White "Rujevic,M"]
[Black "Stead,K"]
[Result "1-0"]
[WhiteElo "2332"]
[BlackElo "2135"]

1.e4 e5 2.Nf3 Nc6 3.Bb5 a6 4.Ba4 Nf6 5.O-O b5 6.Bb3 Bb7 7.Re1 Bc5 8.c3 d6
9.d4 Bb6 10.a4 O-O 11.Bg5 h6 12.Bh4 g5 13.Bg3 Re8 14.Qd3 Na5 15.Ba2 Nc4 16.b3 g4
17.bxc4 gxf3 18.gxf3 b4 19.c5 dxc5 20.Qc4 Qe7 21.dxe5 Nh5 22.a5 Bxa5 23.Qxf7+ Qxf7
24.Bxf7+ Kxf7 25.Rxa5 Nxg3 26.fxg3 Rxe5 27.cxb4 Rd8 28.Rc1 Kf6 29.bxc5 Rd3
30.Kf2 Rb3 31.Na3 Re6 32.Rb1  1-0

[Event "2nd ch-EUR Women"]
[Site "Warsaw POL"]
[Date "2001.04.24"]
[Round "3"]
[White "Polovnikova,E"]
[Black "Olarasu,G"]
[Result "1/2-1/2"]
[WhiteElo "2377"]
[BlackElo "2290"]

1.e4 e5 2.Nf3 Nc6 3.Bb5 a6 4.Ba4 Nf6 5.O-O b5 6.Bb3 Bb7 7.d4 Nxd4 8.Bxf7+ Kxf7
9.Nxe5+ Kg8 10.Qxd4 c5 11.Qd1 Qe8 12.Nf3 Qxe4 13.Bg5 Qf5 14.Bxf6 Qxf6 15.Nc3 Rd8
16.Re1 d5 17.Qe2 b4 18.Na4 Bd6 19.a3 h6 20.axb4 cxb4 21.Qd3 Kf7 22.Nd4 Rhe8
23.c3 Re4 24.Rxe4 dxe4 25.Qc4+ Kg6 26.Qe2 Kh7 27.Re1 Rf8 28.Qd2 Qg6 29.g3 Qf7
30.Qe3 Kh8 31.Rd1 Qg6 32.cxb4 Bf4 33.Qe2 e3 34.Nc5 exf2+ 35.Qxf2 Bd6 36.Qc2 Qf7
37.Nxb7 Qxb7 38.Ne6 Qb6+ 39.Kg2 Re8 40.Qg6 Qc6+ 41.Kh3 Be5 42.Qxe8+ Qxe8
43.Rd8 Qxd8 44.Nxd8 Bxb2 45.Nc6 Bc3  1/2-1/2

[Event "Masters"]
[Site "Besancon FRA"]
[Date "2001.04.25"]
[Round "5"]
[White "Lucchetti,P"]
[Black "Renaze,L"]
[Result "1/2-1/2"]
[WhiteElo "2190"]
[BlackElo "2293"]

1.e4 e5 2.Nf3 Nc6 3.Bb5 a6 4.Ba4 Nf6 5.O-O b5 6.Bb3 Bb7 7.Re1 Bc5 8.c3 d6
9.d4 Bb6 10.Bg5 h6 11.Bh4 g5 12.Bg3 O-O 13.Qd2 Nh5 14.Bd5 Nxg3 15.hxg3 Qf6
16.dxe5 dxe5 17.Nh2 Rad8 18.Ng4 Qd6 19.Qe2 Bc8 20.Na3 Ne7 21.Rad1 Nxd5 22.Rxd5 Qe6
23.Nxe5 Rxd5 24.exd5 Qxd5 25.c4 bxc4 26.Naxc4 Bb7 27.Nf3 Bd4 28.b3 Rd8 29.Qe7 Rd7
30.Qe8+ Kg7 31.Ne3 Qe6 32.Qxe6 fxe6 33.Nc4 Bxf3 34.gxf3 Kf6 35.Kf1 h5 36.Re4 Bc3
37.f4 g4 38.Kg2 Rd1 39.Re2 Bd4 40.Ne5 c5 41.Nc4 Rc1 42.Ne3 a5 43.Nc2 Bc3
44.f3 Bd4 45.fxg4 hxg4 46.Na3 Rg1+ 47.Kh2 Rc1 48.Kg2 Rg1+ 49.Kh2  1/2-1/2

[Event "Zone 3.2a"]
[Site "Manila PHI"]
[Date "2001.04.27"]
[Round "5"]
[White "Hatanbaatar,B"]
[Black "Chon,C"]
[Result "1-0"]
[WhiteElo "2481"]
[BlackElo "2200"]

1.e4 e5 2.Nf3 Nc6 3.Bb5 a6 4.Ba4 Nf6 5.O-O b5 6.Bb3 Bb7 7.c3 Nxe4 8.d4 Na5
9.Nxe5 Nxb3 10.Qxb3 d5 11.a4 Nd6 12.Na3 Be7 13.Bf4 O-O 14.axb5 axb5 15.Nxb5 Ba6
16.Nc6 Qd7 17.Nxe7+ Qxe7 18.Bxd6 cxd6 19.Qxd5 Bb7 20.Qh5 g6 21.Qg4 Rxa1 22.Rxa1 h5
23.Qf4 Qe2 24.Nxd6 Qxb2 25.Qc1 Qxc1+ 26.Rxc1 Bc6 27.Nc4 Rd8 28.Ne3 Kf8 29.d5 Bb7
30.c4 Ke7 31.Rb1 Rd7 32.Rb6 Kd8 33.h4 Ke7 34.Kh2  1-0

[Event "Bank Pocztowy Open A"]
[Site "Bydgoszcz POL"]
[Date "2001.05.04"]
[Round "7"]
[White "Poluljahov,A"]
[Black "Malaniuk,V"]
[Result "1/2-1/2"]
[WhiteElo "2502"]
[BlackElo "2511"]

1.e4 e5 2.Nf3 Nc6 3.Bb5 a6 4.Ba4 Nf6 5.O-O b5 6.Bb3 Bb7 7.d3 Be7 8.Re1 O-O
9.a4 d6 10.Nbd2 Na5 11.Ba2 c5 12.Nf1 b4 13.Ne3 Bc8 14.Nd2 Be6 15.Ndc4 Nc6
16.Bd2 Rb8 17.a5 Qc7 18.Nb6 Bd8 19.Ned5 Qb7 20.Nc4 Nxd5 21.exd5 Bxd5 22.Nxd6 Qd7
23.Nf5 Nd4 24.Bxd5 Qxd5 25.Ne3 Qd7 26.Nc4 f6 27.Be3 b3 28.Bxd4 bxc2 29.Qxc2 Qxd4
30.Ra3 Bc7 31.Qc3 Qxc3 32.Rxc3 Rb5 33.Ra1 Rfb8 34.Kf1 Rb3 35.Rxb3 Rxb3 36.Ke2 Kf7
37.Kd2 Ke6 38.Kc2 Rb5 39.Kc3 f5 40.f3 g6 41.b3 Kd5 42.g4 fxg4 43.fxg4 e4
44.dxe4+ Kxe4 45.h3 Be5+ 46.Nxe5 Kxe5 47.Rf1 Rxa5  1/2-1/2

[Event "XXXVI Capablanca Mem Mixto"]
[Site "Havana CUB"]
[Date "2001.05.08"]
[Round "4"]
[White "Marrero,Y"]
[Black "Lopez,B"]
[Result "0-1"]
[WhiteElo "2208"]
[BlackElo "2397"]

1.e4 e5 2.Nf3 Nc6 3.Bb5 a6 4.Ba4 Nf6 5.O-O b5 6.Bb3 Bb7 7.d3 Bd6 8.Bd2 O-O
9.a3 Ne7 10.c4 bxc4 11.Bxc4 Ng6 12.Nc3 c5 13.Bg5 h6 14.Bxf6 Qxf6 15.Bd5 Rab8
16.Bxb7 Rxb7 17.Nd5 Qe6 18.Qc2 Nf4 19.Ne3 Rfb8 20.Rab1 Qb3 21.Qc4 Bc7 22.Qxa6 Qxd3
23.Qxd3 Nxd3 24.Rfd1 Rb3 25.Kf1 d6 26.Nd5 Bd8 27.Nd2 Rxb2 28.Rxb2 Rxb2 29.Nc4 Rxf2+
30.Kg1 Rc2 31.Nce3 Nb2 32.Rb1 Re2 33.Kf1 Rd2 34.Nf5 c4 35.Nxd6 Ba5 36.Nb5 Nd3
37.a4 Ra2 38.Nd6 c3 39.Rb8+ Kh7 40.Rc8 c2 41.Nb7 Bd2  0-1

[Event "IHEM"]
[Site "Hamburg GER"]
[Date "2001.06.10"]
[Round "9"]
[White "Breyther,R"]
[Black "Rausis,I"]
[Result "0-1"]
[WhiteElo "2363"]
[BlackElo "2500"]

1.e4 e5 2.Nf3 Nc6 3.Bb5 a6 4.Ba4 Nf6 5.O-O b5 6.Bb3 Bb7 7.d3 Bd6 8.a3 O-O
9.Bg5 h6 10.Bh4 Be7 11.Nbd2 d6 12.Bg3 Kh8 13.c3 Nd7 14.Re1 g6 15.d4 Bf6 16.Nf1 Na5
17.Bc2 c5 18.dxc5 dxc5 19.Ne3 Re8 20.Qe2 Bg7 21.Rad1 Qc7 22.h4 h5 23.b4 cxb4
24.axb4 Nc4 25.Nxc4 bxc4 26.Ba4 Rad8 27.Rd2 Bc8 28.Red1 f6 29.Rd5 Kh7 30.Qd2 Re7
31.Rd6 Bh6 32.Qe2 Rf8 33.R6d5 Nb6 34.Rc5 Qb8 35.Ra1 Bg4 36.Bc6 Ra7 37.Bd5 Rd8
38.Raa5 Bf8 39.Rc6 Rd6 40.Qe3 Bd7 41.Rxd6 Bxd6 42.Nd2 Bb5 43.Ra1 f5 44.Qe2 Nxd5
45.exd5 e4 46.Bxd6 Qxd6 47.f3 Qb6+ 48.Kh1 e3 49.Nf1 f4 50.g3 Qf6 51.gxf4 Re7
52.Nxe3 Qxc3 53.Re1 Qf6 54.Qh2 Qd4 55.f5 Rxe3 56.fxg6+ Kh6 57.Rg1 Re7 58.Qg3 Qf6
59.f4 Kg7  0-1

[Event "Sigeman & Co"]
[Site "Malmoe SWE"]
[Date "2001.06.14"]
[Round "3"]
[White "De Firmian,N"]
[Black "Hector,J"]
[Result "1/2-1/2"]
[WhiteElo "2545"]
[BlackElo "2546"]

1.e4 e5 2.Nf3 Nc6 3.Bb5 a6 4.Ba4 Nf6 5.O-O b5 6.Bb3 Bb7 7.d3 Bc5 8.Nc3 d6
9.a4 b4 10.Nd5 Na5 11.Nxf6+ Qxf6 12.Ba2 h6 13.Be3 O-O 14.Nd2 Ba7 15.Bxa7  1/2-1/2

[Event "Aegean Open"]
[Site "Ikaros GRE"]
[Date "2001.07.11"]
[Round "5"]
[White "Zagrebelny,S"]
[Black "Potapov,A1"]
[Result "1-0"]
[WhiteElo "2466"]
[BlackElo "2505"]

1.e4 e5 2.Nf3 Nc6 3.Bb5 a6 4.Ba4 Nf6 5.O-O b5 6.Bb3 Bb7 7.d3 Bd6 8.c3 O-O
9.Nbd2 Re8 10.a3 Bf8 11.Re1 d6 12.Nf1 g6 13.Ng3 Bg7 14.d4 Na5 15.Bc2 c5 16.d5 Nc4
17.a4 bxa4 18.Bxa4 Rf8 19.h3 Nb6 20.Bc2 a5 21.Be3 Nfxd5 22.exd5 f5 23.Ng5 f4
24.Ne6 fxe3 25.Rxe3 Qe7 26.Nxf8 Rxf8 27.Be4 Bh6 28.Rf3 Ra8 29.Qb3 Qc7 30.c4 a4
31.Qc2 Kg7 32.Raa3 Bc8 33.b3 Bd7 34.bxa4 Rxa4 35.Rxa4 Nxa4 36.Rb3 Nb6 37.Qb1 Na8
38.Rb7 Qc8 39.Rb8 Qa6 40.Qb7  1-0